Statistics for Countries with more 2016 Olympic Golds than All Neighbours, with a Map

Click here to take the quiz!

General Stats

  • This quiz has been taken 486 times
    (407 since last reset)
  • The average score is 12 of 22

Answer Stats

G - S - B Country % Correct
46 - 37 - 38United States
100%
26 - 18 - 26China
98%
27 - 23 - 17Great Britain
95%
17 - 10 - 15Germany
95%
2 - 6 - 2South Africa
83%
2 - 6 - 3Sweden
78%
6 - 6 - 1Kenya
70%
3 - 1 - 4Iran
68%
0 - 0 - 3Egypt
68%
1 - 2 - 0Indonesia
66%
9 - 3 - 9South Korea
61%
3 - 1 - 2Greece
61%
0 - 2 - 0Algeria
54%
2 - 2 - 2Thailand
46%
8 - 3 - 4Hungary
46%
0 - 0 - 1Dominican Republic
43%
0 - 0 - 1United Arab Emirates
30%
1 - 0 - 1Côte d'Ivoire
26%
4 - 2 - 7Uzbekistan
18%
0 - 1 - 0Qatar
14%
1 - 0 - 0Jordan
11%
0 - 1 - 0Burundi
2%

Score Distribution

Percentile by Number Answered

Percent of People with Each Score

Your Score History

You have not taken this quiz since the last reset